zpět

Detail výsledku týmu

R.A.M., Jablonec nad Nisou

Datum a čas kvízu

26.5 Celkem bodů Celkový počet nahraných bodů na tomto kvízu bez doplňovacích otázek.
14. Pořadí na kvízu Konečné umístění týmu na tomto kvízu.

Zaznamenané odpovědi

# Otázka Odpověď Body Výsledky
1. Státní zemědělská a potravinář... o pálivé chipsy (lupínky) 1
2. Ve kterém evropském státě se m... v Nizozemsku 1
3. Ve čtvrtek měl premiéru americ... Ridley Scott, Joaquin Phoenix 0
4. Státní firma Čepro, která prov... Robin Oil 0
5. Německá fotbalová reprezentace... Rakousko, 2:0 0
6. Střední Asií budeme mít na mys... Taškent 0
7. Ač jsou některé státy Střední... 1A 2C 3B 4D 0
8. Ve snaze o zavlažení polí pro... Aralské jezero 1
9. Z Buchary, která se dnes nachá... Avicenna 1
10. Ve kterém státě se nachází měs... Tádžikistán 0